000 00456nam a2200193Ia 4500
005 20240823053411.0
008 240823s9999||||xx |||||||||||||| ||und||
041 _aENGLISH
082 _A338.9624 P9
100 _aRevathi K
245 0 _aSkills for Employment -II
250 _a1st
260 _c2009
_bPonnsai Publishers & Distrib
500 _aYES
650 _aGeneral
_bGeneral
700 _a Purushothaman K S
942 _cBK
999 _c224074
_d224074